Spoločné podnikanie manželov

Pokračovanie príspevku z predchádzajúceho čísla. Spôsoby spoločného podnikania manželov s vysvetlením ako postupovať napr. pri daňovej evidencii. Postupy , ak sa manželia rozhodnú založiť združenie. Čo z toho pre nich vyplýva, na čo nesmú zabudnúť a aké budú mať povinnosti.

Salvato in:
Dettagli Bibliografici
Autore principale: Strählová, Jarmila
Natura: Capitolo di libro
Lingua:slovacco
Soggetti:
Tags: Aggiungi Tag
Nessun Tag, puoi essere il primo ad aggiungerne!!

MARC

LEADER 00000naa a2200000 4500
001 0193409
005 20231208090635.4
041 0 |a slo 
044 |a SK 
245 1 0 |a Spoločné podnikanie manželov  |c Jarmila Strählová 
520 |a Pokračovanie príspevku z predchádzajúceho čísla. Spôsoby spoločného podnikania manželov s vysvetlením ako postupovať napr. pri daňovej evidencii. Postupy , ak sa manželia rozhodnú založiť združenie. Čo z toho pre nich vyplýva, na čo nesmú zabudnúť a aké budú mať povinnosti. 
610 2 0 |a podnikanie rodinné 
610 2 0 |a manželstvo 
610 2 0 |a evidencia účtovná 
610 2 0 |a účtovanie 
100 1 |a Strählová, Jarmila